000 00422nam a2200169Ia 4500
008 151213s9999 xx 000 0 und d
020 _a81-203-2175-8
100 _aAndrew S. Tanenbarm
245 _aComputer Networking
_cAndrew S. Tanenbarm
250 _a4th
260 _aNew Delhi
_bPrentic Hall
_c2003
300 _a7555 p.
650 _aE E E
650 _ascience
700 _aAndrew S. Tanenbarm
999 _c4001
_d4001